| 000 | 00362nam a2200145Ia 4500 | ||
|---|---|---|---|
| 008 | 100415s9999 xx 000 0 und d | ||
| 082 |
_b10238 _a598.12 |
||
| 100 | _aDitmars,R.L | ||
| 245 | _aSnakes of the world | ||
| 260 |
_aNEW YORK _c1937 _bMACMILLAN & CO |
||
| 365 | _b0 | ||
| 630 | _aSnakes of the world | ||
| 730 | _aSnakes of the world | ||
| 942 | _cBOOK | ||
| 999 |
_c593167 _d593164 |
||